000 01091nam a22003017i 4500
003 EG-GICUC
005 20260402115250.0
008 260402s1956 fr ||||fr|||| 00| 0 fre d
040 _aEG-GiCUC
_bfre
_cEG-GiCUC
_dEG-GiCUC
_eRda
041 _afre
_hfre
082 0 4 _221
_a341.851
_bSA . A
092 0 4 _221
099 _aLaw 12 341.851 SA . A 1956
100 1 _aSanders, Pieter
_eAuteur
245 1 0 _aArbitrage international commercial /
_cPar Pieter Sanders.
264 1 _aParis;
_bUnion Internationale des Avocats,
_c1956.
300 _a483 page :
_billustration ;
_c 24 cm.
336 _2rda contenu
_a texte
337 _2rda medias
_aOrdinateur
338 _2 transporteur rda
_a Ressource en ligne
500 _aThe Book is written by 2 languages English and French each page in English has the translate into the French in the front page .
504 _aBibliography: pages 200-250. 240-220
650 1 _aDroit international privé
_2qrmak
651 1 _2qrmak
856 4 0 _uhttps://fll.law.cu.edu.eg/fulltext/bks/B12-02920.pdf
905 _a31
942 _2ddc
_cBK
_e21
_n0
999 _c68412
_d68412